00602nam a2200157 a 450000100100000000500170001000800410002704000250006808200160009311000730010924500620018226000430024430000430028750000760033058600380040600003107720200930062705.0110613s2006 dr ac 000 0 spa d aDO-SdBNPbspacBNPHU axxxxbR426s1 aRepública Dominicana.bOficina Nacional de la Propiedad Industrial10aSumario de una gestión :bagosto 2004 - diciembre 2006. aSanto Domingo :bCentenario,c[2006?]. a105 p. :bgraf., il., retrs. ;c28 cm. aConstruyendo una cultura de aprovechamiento de la propiedad industrial. aPremio Nacional a la Calidad 2006